Manažment finančných rizík podniku pomocou derivátov diplomová práca

Salvato in:
Dettagli Bibliografici
Autore principale: Smolka, Martin
Ente Autore: Fakulta podnikového manažmentu EU. Katedra podnikových financií
Altri autori: Markovič, Peter, 1974-
Natura: Libro
Lingua:slovacco
Pubblicazione: Bratislava 2009
Tags: Aggiungi Tag
Nessun Tag, puoi essere il primo ad aggiungerne!!

MARC

LEADER 00000nam$a2200000$$$4500
001 0101549
005 20240319124555.2
041 0 |a slo 
044 |a SK 
245 1 0 |a Manažment finančných rizík podniku pomocou derivátov  |b diplomová práca  |c Martin Smolka ; škol. Peter Markovič 
264 1 |a Bratislava  |c 2009 
300 |a 75 s. 
100 1 |a Smolka, Martin 
700 1 |a Markovič, Peter, 1974- 
710 2 |a Fakulta podnikového manažmentu EU. Katedra podnikových financií